000 00571nam a2200205Ia 4500
005 20250923145211.0
008 008 250917s9999 xx 000 0 eng d
037 _aTextual
040 _aDSWL
_beng
_cDSWL
041 _aeng
_2eng
084 _aY:1, N69
_qDSWL
100 _aAllsopp, Bruce
_9832814
245 0 _aCivilization, the next stage
_cby Bruce Allsopp
260 _aGreat Britan
_bBritain Orial Press
_c1969
300 _axvi,240p.
365 _aINR
_b25
925 _g25
942 _cTEXL
_hY:1, N69
999 _c1448373
_d1448373